Nákup priemyselných podnikov a metamorfózy marketingu

Prezentácia konkrétnych hypotéz o mieste nákupu v trhovej orientácii podniku a konkrétne výsledky prieskumu, ktoré slúžia ako základ pre diagnostiku a hodnotenie vývoja v podniku, pokiaľ ide miesto nákupu v konkrétnom type podniku.

Gespeichert in:
Bibliographische Detailangaben
1. Verfasser: Kita, Jaroslav
Format: Buchkapitel
Sprache:Slowakisch
Schlagworte:
Tags: Tag hinzufügen
Keine Tags, Fügen Sie das erste Tag hinzu!

MARC

LEADER 00000naa$a2200000$$$4500
001 0070357
005 20240502071838.6
041 0 |a slo 
044 |a SK 
245 1 0 |a Nákup priemyselných podnikov a metamorfózy marketingu  |c Jaroslav Kita 
520 |a Prezentácia konkrétnych hypotéz o mieste nákupu v trhovej orientácii podniku a konkrétne výsledky prieskumu, ktoré slúžia ako základ pre diagnostiku a hodnotenie vývoja v podniku, pokiaľ ide miesto nákupu v konkrétnom type podniku. 
610 2 0 |a diagnostika podniková 
610 2 0 |a konkurencia 
610 2 0 |a podnik priemyselný 
610 2 0 |a nákup 
610 2 0 |a vývoj podniku 
610 2 0 |a trh 
100 1 |a Kita, Jaroslav